Les pays contenant entre 20 % et 30 % de chrétiens - Statistiques

Statistiques générales
  • Ce quiz a été pris 11 fois
  • Le résultat moyen est 3 sur 5
Statistiques - réponses
Hint Réponse % Correct
29,0 % Togo
78%
28,9 % République Tchèque
56%
25,0 % Burkina Faso
44%
23,9 % Estonie
44%
25,0 % Kirghizistan
33%
Aucun quiz correspondant
Distribution des résultats
% des personnes avec chaque résultat
Percentile par nombre de réponses
Votre historique - résultats
Vous n’avez pas pris ce quiz